[Event "Monarch Assurance Isle of Man 16th"]
[Site "Port Erin"]
[Date "2007.09.27"]
[Round "6.32"]
[White "Phillips, Roy"]
[Black "Majer, Chris E"]
[Result "0-1"]
[WhiteElo "2271"]
[BlackElo "2041"]
[PlyCount "98"]
[EventDate "2007.09.22"]
[EventType "swiss"]
[EventRounds "9"]
[EventCountry "IOM"]

1. d4 Nf6 2. Nf3 c5 3. e3 e6 4. c4 b6 5. Nc3 Bb7 6. Bd3 Be7 7. O-O O-O 8. d5
exd5 9. cxd5 d6 10. e4 Nbd7 11. h3 a6 12. a4 Qc7 13. Bc4 Rfe8 14. Re1 Bf8 15.
Bf4 g6 16. Nd2 Ne5 17. Be2 Bg7 18. Bh2 Ned7 19. Bf1 Rad8 20. Qb3 Bf8 21. Rad1
Ne5 22. f4 Ned7 23. Nc4 Nh5 24. e5 Ng7 25. Ne4 Nf5 26. e6 fxe6 27. dxe6 Kh8 28.
Nexd6 Nxd6 29. exd7 Rxe1 30. Rxe1 Qxd7 31. Nxb6 Qc6 32. f5 Nxf5 33. Be5+ Bg7
34. Nc4 Nd4 35. Bxg7+ Kxg7 36. Re7+ Kf6 37. Rxb7 Nxb3 38. Rb6 Qxb6 39. Nxb6 Rd1
40. Kf2 Rd2+ 41. Kg3 Na5 42. Kf3 Ke6 43. b3 Rb2 44. Nc4 Nxc4 45. Bxc4+ Ke5 46.
g3 Kd4 47. Bg8 h6 48. Bf7 Kc3 49. Bxg6 Rxb3 0-1

[Event "Monarch Assurance Isle of Man 16th"]
[Site "Port Erin"]
[Date "2007.09.27"]
[Round "6.33"]
[White "Walton, Alan J"]
[Black "Obers, Frits"]
[Result "1/2-1/2"]
[WhiteElo "2223"]
[BlackElo "2073"]
[PlyCount "118"]
[EventDate "2007.09.22"]
[EventType "swiss"]
[EventRounds "9"]
[EventCountry "IOM"]

1. d4 e6 2. e4 d5 3. e5 c5 4. c3 Nc6 5. Nf3 Bd7 6. a3 c4 7. Nbd2 Na5 8. Be2 Ne7
9. O-O Nc8 10. h3 Nb6 11. Nh2 Ba4 12. Qe1 h5 13. Bd1 Bxd1 14. Qxd1 Be7 15. Rb1
Qd7 16. Ndf3 O-O-O 17. Ng5 Rdf8 18. Qe2 Nc6 19. f4 Nd8 20. Ngf3 Nc6 21. Ne1 Na4
22. Qc2 Nb6 23. f5 exf5 24. Qxf5 Qxf5 25. Rxf5 f6 {(=)} 26. exf6 Bxf6 27. Nc2
g6 28. Rf3 Be7 29. Ne3 Bd6 30. Rxf8+ Rxf8 31. Nf3 Bf4 32. Nf1 Bd6 33. Bg5 Re8
34. Kf2 Kc7 35. Ne3 Rf8 36. Ke2 Bf4 37. Bxf4+ Rxf4 38. g3 Rf6 39. Rg1 Kd6 40.
g4 hxg4 41. Nxg4 Re6+ 42. Nge5 Na4 43. Rb1 Ne7 44. Kd2 Rf6 45. Kc2 Ke6 46. Re1
Kd6 47. Re2 Rf5 48. Rg2 Rf4 49. Nd2 Rf6 50. b3 cxb3+ 51. Kxb3 Nb6 52. c4 dxc4+
53. Ndxc4+ Kd5 54. Nxb6+ Rxb6+ 55. Kc3 Ra6 56. a4 {(=)} Rxa4 57. Nxg6 Nxg6 58.
Rg5+ Ke4 59. Rxg6 Ra3+ 1/2-1/2

[Event "Monarch Assurance Isle of Man 16th"]
[Site "Port Erin"]
[Date "2007.09.27"]
[Round "6.34"]
[White "Smokina, Karolina"]
[Black "Marks, Ian A"]
[Result "1-0"]
[WhiteElo "2205"]
[BlackElo "1914"]
[PlyCount "89"]
[EventDate "2007.09.22"]
[EventType "swiss"]
[EventRounds "9"]
[EventCountry "IOM"]

1. d4 Nf6 2. Nf3 e6 3. Bf4 c5 4. e3 b6 5. c3 Bb7 6. Nbd2 Be7 7. h3 O-O 8. Bd3
cxd4 9. exd4 d6 10. O-O Nbd7 11. Qe2 Re8 12. Ba6 Qc8 13. Bxb7 Qxb7 14. Rfe1
Rad8 15. a4 Nf8 16. Nc4 Ng6 17. Bh2 d5 18. Nce5 Nxe5 19. Nxe5 Nd7 20. Nd3 Nf6
21. f3 Bd6 22. Bxd6 Rxd6 23. a5 Rdd8 24. Nb4 b5 25. a6 Qb6 26. Qf2 Nd7 27. h4
Nb8 28. h5 h6 29. g4 Nc6 30. Nd3 b4 31. Nc5 e5 32. Nb7 Rb8 33. dxe5 Qxf2+ 34.
Kxf2 Rxe5 35. Rxe5 Nxe5 36. Rd1 bxc3 37. bxc3 Nc6 38. Rxd5 Kf8 39. c4 Nb4 40.
Rd7 Ke8 41. Rc7 Nxa6 42. Nd6+ Kd8 43. Rxa7 Rb6 44. Nxf7+ Ke8 45. Ne5 1-0

[Event "Monarch Assurance Isle of Man 16th"]
[Site "Port Erin"]
[Date "2007.09.27"]
[Round "6.35"]
[White "Wright, William"]
[Black "Egozi, Nadav"]
[Result "1-0"]
[WhiteElo "2186"]
[BlackElo "2205"]
[PlyCount "69"]
[EventDate "2007.09.22"]
[EventType "swiss"]
[EventRounds "9"]
[EventCountry "IOM"]

1. d4 Nf6 2. c4 c5 3. d5 b5 4. cxb5 a6 5. bxa6 Bxa6 6. Nc3 d6 7. e4 Bxf1 8.
Kxf1 g6 9. g3 Bg7 10. Kg2 O-O 11. Nf3 Nbd7 12. h3 Ra6 13. Re1 Qa8 14. Nd2 Nb6
15. f4 e6 16. dxe6 fxe6 17. Kh2 d5 18. e5 Nfd7 19. Nf3 d4 20. Ne4 Rxa2 21. Rxa2
Qxa2 22. Re2 Qd5 23. Qd3 Ra8 24. b4 cxb4 25. Qxd4 Qb5 26. Rf2 Nd5 27. Bb2 Ra4
28. Nd6 Qc6 29. Qd1 Nc5 30. Nd4 Qa8 31. Qc2 Ra5 32. Qc4 Ne3 33. Qxb4 Nd3 34.
Qb3 Qd5 35. Qxd3 1-0

[Event "Monarch Assurance Isle of Man 16th"]
[Site "Port Erin"]
[Date "2007.09.27"]
[Round "6.37"]
[White "Almond, Richard J"]
[Black "Grant, Alan"]
[Result "0-1"]
[WhiteElo "2101"]
[BlackElo "2223"]
[PlyCount "100"]
[EventDate "2007.09.22"]
[EventType "swiss"]
[EventRounds "9"]
[EventCountry "IOM"]

1. d4 Nf6 2. c4 e6 3. Nc3 Bb4 4. Qc2 Nc6 5. Nf3 d6 6. Bd2 O-O 7. a3 Bxc3 8.
Bxc3 Qe7 9. e3 a5 10. b3 e5 11. d5 Nb8 12. Be2 Bg4 13. O-O Nbd7 14. Rfd1 Ne8
15. b4 axb4 16. axb4 Rxa1 17. Bxa1 b6 18. Bb2 f5 19. h3 Bxf3 20. Bxf3 Qh4 21.
Rb1 g5 22. c5 g4 23. hxg4 fxg4 24. g3 Qh5 25. Bg2 bxc5 26. bxc5 Nxc5 27. Ba3
Nd7 28. Rb7 Qf7 29. Bb4 h5 30. Be1 Ndf6 31. Qf5 Ng7 32. Qc2 Nfe8 33. Ra7 h4 34.
gxh4 Nf5 35. Ra4 Qh5 36. Qe2 Nf6 37. f3 g3 38. e4 Qxh4 39. exf5 Qxa4 40. Bxg3
Qd4+ 41. Bf2 Qxd5 42. Be3 Kf7 43. Kf2 Ra8 44. Kg1 Ra2 45. Qf1 Qb3 46. Bf2 Nh5
47. Qe1 Nf4 48. Qf1 Kf8 49. Kh2 Qg8 50. Kh1 Ra1 0-1

[Event "Monarch Assurance Isle of Man 16th"]
[Site "Port Erin"]
[Date "2007.09.27"]
[Round "6.38"]
[White "Johnson, Paul A"]
[Black "Van den Bersselaar, Jeroen"]
[Result "0-1"]
[WhiteElo "1820"]
[BlackElo "2183"]
[PlyCount "54"]
[EventDate "2007.09.22"]
[EventType "swiss"]
[EventRounds "9"]
[EventCountry "IOM"]

1. d4 d5 2. Nf3 Nf6 3. e3 c5 4. b3 Nc6 5. Bd3 e6 6. O-O Be7 7. Bb2 cxd4 8. exd4
O-O 9. Nbd2 b6 10. a3 Bb7 11. Ne5 Nxe5 12. dxe5 Nd7 13. f4 g6 14. b4 a5 15. c3
Ba6 16. b5 Bb7 17. Qf3 Nc5 18. Bc2 Qd7 19. a4 Rac8 20. Qh3 Ne4 21. Nxe4 dxe4
22. Rad1 Qc7 23. Rfe1 Qc4 24. Kh1 Rfd8 25. Qg3 Qa2 26. Rb1 Rd2 27. Ra1 Qxb2 0-1

[Event "Monarch Assurance Isle of Man 16th"]
[Site "Port Erin"]
[Date "2007.09.27"]
[Round "6.41"]
[White "Bentley, John L"]
[Black "Fraser-Mitchell, Jeremy"]
[Result "1-0"]
[WhiteElo "2242"]
[BlackElo "2097"]
[PlyCount "67"]
[EventDate "2007.09.22"]
[EventType "swiss"]
[EventRounds "9"]
[EventCountry "IOM"]

1. e4 e6 2. d4 a6 3. Be3 b5 4. c4 Bb7 5. f3 c5 6. d5 exd5 7. exd5 bxc4 8. Nc3
d6 9. a4 Nd7 10. a5 Ngf6 11. Bxc4 Be7 12. Nge2 O-O 13. O-O Ne5 14. b3 Re8 15.
Bd2 Bf8 16. Ng3 g6 17. f4 Nxc4 18. bxc4 Bg7 19. Rb1 Rb8 20. Na4 Ne4 21. Nxe4
Rxe4 22. Qc2 Bd4+ 23. Kh1 f5 24. Rfe1 Qe7 25. Nc3 Bxc3 26. Rxe4 fxe4 27. Qxc3
Re8 28. Qe3 Bc8 29. Rb6 Qd7 30. h3 Qa4 31. f5 Qa1+ 32. Kh2 Qe5+ 33. Kg1 gxf5
34. Bc3 1-0

[Event "Monarch Assurance Isle of Man 16th"]
[Site "Port Erin"]
[Date "2007.09.27"]
[Round "6.42"]
[White "Hutchinson, Norman A"]
[Black "Troyke, Doreen"]
[Result "1-0"]
[WhiteElo "2079"]
[BlackElo "2151"]
[PlyCount "85"]
[EventDate "2007.09.22"]
[EventType "swiss"]
[EventRounds "9"]
[EventCountry "IOM"]

1. e4 c5 2. c3 b6 3. d4 Bb7 4. Bd3 Nf6 5. Nd2 cxd4 6. cxd4 Nc6 7. Ne2 g6 8. O-O
Bg7 9. f4 O-O 10. e5 Nd5 11. Ne4 d6 12. a3 Rc8 13. b4 Qd7 14. Qb3 dxe5 15. dxe5
Nc7 16. Bb2 Ne6 17. Rad1 Ncd4 18. Nxd4 Nxd4 19. Bb1 Qe6 20. Qd3 Nf5 21. g4 Nh6
22. f5 Qc4 23. f6 exf6 24. exf6 Bh8 25. h3 Qe6 26. Nd6 Rcd8 27. Rfe1 Ba6 28.
Nf5 gxf5 29. Qxd8 Qxe1+ 30. Rxe1 Rxd8 31. g5 Kf8 32. gxh6 Rd6 33. Be5 Rd5 34.
Bxf5 Bb5 35. Bxh7 Bd7 36. h4 Rd2 37. Bc3 Rd6 38. Be5 Rd5 39. Bb1 Be6 40. h7 Ke8
41. Kf2 Kd7 42. Re3 Ke8 43. Bc3 1-0

[Event "Monarch Assurance Isle of Man 16th"]
[Site "Port Erin"]
[Date "2007.09.28"]
[Round "7.1"]
[White "Yakovich, Yuri"]
[Black "Malakhatko, Vadim"]
[Result "1/2-1/2"]
[WhiteElo "2597"]
[BlackElo "2596"]
[PlyCount "60"]
[EventDate "2007.09.22"]
[EventType "swiss"]
[EventRounds "9"]
[EventCountry "IOM"]

1. d4 d5 2. c4 c6 3. Nc3 Nf6 4. e3 a6 5. Nf3 e6 6. Bd3 dxc4 7. Bxc4 b5 8. Bd3
c5 9. a4 b4 10. Ne4 Nbd7 11. Nxf6+ Nxf6 12. dxc5 Bb7 13. Qe2 Bxc5 14. e4 Ng4
15. O-O Qb8 16. Bd2 O-O 17. Rac1 Be7 18. h3 Ne5 19. Bf4 Bd6 20. Nxe5 Bxe5 21.
Be3 Rd8 22. a5 Bh2+ 23. Kh1 Bf4 24. Rc4 Bxe3 25. Qxe3 Qd6 26. Be2 Rac8 27. Rfc1
h6 28. e5 Qd5 29. Bf3 Qd7 30. Rxc8 Rxc8 1/2-1/2

[Event "Monarch Assurance Isle of Man 16th"]
[Site "Port Erin"]
[Date "2007.09.28"]
[Round "7.8"]
[White "Hebden, Mark"]
[Black "Gurevich, Mikhail"]
[Result "1/2-1/2"]
[WhiteElo "2540"]
[BlackElo "2633"]
[PlyCount "142"]
[EventDate "2007.09.22"]
[EventType "swiss"]
[EventRounds "9"]
[EventCountry "IOM"]

1. d4 d5 2. Nf3 Nf6 3. c4 c6 4. e3 Bf5 5. cxd5 cxd5 6. Qb3 Qc7 7. Bd2 e6 8.
Bb5+ Nc6 9. O-O Bd6 10. Bb4 O-O 11. Bxc6 bxc6 12. Nbd2 Ne4 13. Nxe4 Bxe4 14.
Bxd6 Qxd6 15. Nd2 Bg6 16. Rfc1 Rfb8 17. Qc3 a5 18. a4 Qb4 19. b3 Ra6 20. f3 f6
21. Qb2 Re8 22. Qc3 Qb8 23. Qc5 h6 24. Re1 Kh7 25. Rac1 e5 26. g3 Qc8 27. e4
Qb8 28. Re3 Ra7 29. dxe5 Rxe5 30. Qxc6 dxe4 31. fxe4 Rae7 32. Qc3 Qa7 33. Kg2
f5 34. Nf3 Rxe4 35. Rxe4 Rxe4 36. Re1 Bf7 37. Rxe4 fxe4 38. Nd4 Bd5 39. Kf1 Qb6
40. Ke2 {(=)} Qf6 41. Qe3 Kg6 42. Kd2 Qf1 43. Ne2 Kh7 44. Nf4 Bc6 45. Qc5 Bd7
46. Qd5 Qf2+ 47. Kc3 Qe1+ 48. Qd2 Qxd2+ 49. Kxd2 g5 50. Ng2 Be6 51. Kc3 Kg6 52.
b4 axb4+ 53. Kxb4 Kf5 54. Ne3+ Ke5 55. Kc5 Bc8 56. a5 h5 57. Nc4+ Kf5 58. Kd4
Kg4 59. Nd6 Ba6 60. Nxe4 Kh3 61. Nxg5+ Kxh2 62. Ne4 Kh3 63. Ke5 Kg4 64. Nf6+
Kxg3 65. Nxh5+ Kf2 66. Kd4 Ke2 67. Kc5 Kd2 68. Nf6 Kc3 69. Kb6 Bf1 70. Nd5+ Kb3
71. a6 Bxa6 1/2-1/2

[Event "Monarch Assurance Isle of Man 16th"]
[Site "Port Erin"]
[Date "2007.09.28"]
[Round "7.9"]
[White "Sulskis, Sarunas"]
[Black "Roiz, Michael"]
[Result "1/2-1/2"]
[WhiteElo "2537"]
[BlackElo "2630"]
[PlyCount "106"]
[EventDate "2007.09.22"]
[EventType "swiss"]
[EventRounds "9"]
[EventCountry "IOM"]

1. e4 e6 2. d4 d5 3. Nc3 dxe4 4. Nxe4 Nd7 5. Nf3 Ngf6 6. Nxf6+ Nxf6 7. Bd3 c5
8. Be3 Qc7 9. Qe2 Be7 10. O-O-O O-O 11. dxc5 Nd5 12. Bd4 Nf4 13. Qe4 Nxd3+ 14.
Rxd3 f6 15. Re1 Re8 16. Kb1 Bf8 17. Nd2 Qf7 {(=)} 18. f4 Rb8 19. Nc4 e5 20. Nd6
Bxd6 21. cxd6 g6 22. Rg3 Bf5 23. Qxf5 exf4 24. Rh1 fxg3 25. Qxf6 Qxf6 26. Bxf6
gxh2 27. Kc1 Re6 28. Be7 Re8 29. Rxh2 R8xe7 30. dxe7 Rxe7 31. Kd2 Re4 32. Kd3
Rb4 33. b3 Rg4 34. Ke3 b5 35. Kf3 Rg5 36. g4 b4 37. Kf4 Ra5 38. Rd2 Kg7 39.
Rd7+ Kh6 40. Rc7 g5+ 41. Ke4 Rxa2 42. Kf5 Ra5+ 43. Kf6 Ra6+ {(=)} 44. Kf5 Ra5+
45. Kf6 Ra6+ 46. Kf5 Ra5+ 47. Kf6 Ra6+ 48. Kf7 Rb6 49. Re7 Rc6 50. Re2 Rc7+ 51.
Kf6 Rc6+ 52. Kf7 Rc7+ 53. Kf6 Rc6+ 1/2-1/2

[Event "Monarch Assurance Isle of Man 16th"]
[Site "Port Erin"]
[Date "2007.09.28"]
[Round "7.13"]
[White "Kobalia, Mikhail"]
[Black "Cox, John J"]
[Result "1-0"]
[WhiteElo "2634"]
[BlackElo "2381"]
[PlyCount "41"]
[EventDate "2007.09.22"]
[EventType "swiss"]
[EventRounds "9"]
[EventCountry "IOM"]

1. e4 e5 2. Nf3 Nc6 3. Bb5 a6 4. Ba4 Nf6 5. O-O Be7 6. d3 d6 7. c3 O-O 8. Nbd2
b5 9. Bc2 d5 10. Qe2 dxe4 11. dxe4 Be6 12. Rd1 Qc8 13. Nf1 Rd8 14. Rxd8+ Qxd8
15. Ne3 Ng4 16. Nd5 Bc5 17. Bg5 f6 18. Bh4 Bd6 19. Bb3 Qc8 20. Qd2 Bf8 21. Nxc7
1-0

[Event "Monarch Assurance Isle of Man 16th"]
[Site "Port Erin"]
[Date "2007.09.28"]
[Round "7.15"]
[White "Taylor, Peter P"]
[Black "Abergel, Thal"]
[Result "0-1"]
[WhiteElo "2209"]
[BlackElo "2512"]
[PlyCount "80"]
[EventDate "2007.09.22"]
[EventType "swiss"]
[EventRounds "9"]
[EventCountry "IOM"]

1. c4 e5 2. g3 Nf6 3. Bg2 h6 4. Nc3 Bb4 5. Nf3 Nc6 6. O-O e4 7. Ne1 Bxc3 8.
bxc3 O-O 9. f3 Qe7 10. fxe4 Nxe4 11. e3 d6 12. Qc2 Nf6 13. Nd3 Ne5 14. Nxe5
dxe5 15. d4 Re8 16. Rb1 e4 17. Rb5 Be6 18. Rxb7 Bxc4 19. Rf5 Ba6 20. Rb3 Bd3
21. Qd2 Qe6 22. Re5 Qd6 23. Rxe8+ Rxe8 24. Bh3 a5 25. Qf2 a4 26. Rb4 Nd5 27.
Rxa4 Rb8 28. Qd2 Rb1 29. c4 Qc6 30. Ra5 Nb6 31. Rb5 Nxc4 32. Rxb1 Nxd2 33. Rb8+
Kh7 34. Bxd2 Qc2 35. Ba5 Qd1+ 36. Kf2 Qf3+ 37. Kg1 Qxe3+ 38. Kg2 Qf3+ 39. Kg1
Qd1+ 40. Kf2 e3+ 0-1

[Event "Monarch Assurance Isle of Man 16th"]
[Site "Port Erin"]
[Date "2007.09.28"]
[Round "7.16"]
[White "Adly, Ahmed"]
[Black "Shachar, Ehud"]
[Result "1-0"]
[WhiteElo "2488"]
[BlackElo "2353"]
[PlyCount "55"]
[EventDate "2007.09.22"]
[EventType "swiss"]
[EventRounds "9"]
[EventCountry "IOM"]

1. d4 e6 2. Nd2 d5 3. Ngf3 Nf6 4. e3 c5 5. c3 Nc6 6. Bd3 Bd6 7. O-O O-O 8. dxc5
Bxc5 9. e4 Bb6 10. Qc2 Bc7 11. Rd1 h6 12. Nf1 Bd7 13. Ng3 Qe7 14. e5 Ng4 15.
Bf4 Bb6 16. Nd4 Qh4 17. h3 Nxf2 18. Qxf2 f6 19. Qe3 g5 20. Rf1 Kh8 21. exf6
gxf4 22. Rxf4 Qg5 23. h4 Qe5 24. Re4 Qxf6 25. Rf1 Qg7 26. Rxf8+ Rxf8 27. Rg4
Qf6 28. Nh5 1-0

[Event "Monarch Assurance Isle of Man 16th"]
[Site "Port Erin"]
[Date "2007.09.28"]
[Round "7.17"]
[White "Svetushkin, Dmitry"]
[Black "Ly, Moulthun"]
[Result "1/2-1/2"]
[WhiteElo "2618"]
[BlackElo "2295"]
[PlyCount "121"]
[EventDate "2007.09.22"]
[EventType "swiss"]
[EventRounds "9"]
[EventCountry "IOM"]

1. d4 Nf6 2. c4 e6 3. Nf3 b6 4. Nc3 Bb4 5. Bg5 Bb7 6. Nd2 h6 7. Bh4 Bxc3 8.
bxc3 d6 9. f3 Nbd7 10. e4 g5 11. Bf2 Qe7 12. Bd3 Nh5 13. g3 f5 14. Qe2 f4 15.
e5 O-O-O 16. g4 Ng7 17. exd6 cxd6 18. O-O-O h5 19. h3 Rh6 20. Kb2 Rdh8 21. Rhf1
hxg4 22. hxg4 Rh2 23. a4 Kc7 24. a5 Qf6 25. axb6+ axb6 26. Ra1 e5 27. Ne4 Qh6
28. Bc2 exd4 29. cxd4 Ne6 30. Qd3 Qg7 31. Ra7 Nec5 32. Qc3 Kb8 33. dxc5 Qxc3+
34. Kxc3 Kxa7 35. cxb6+ Kb8 36. Nxd6 Bxf3 37. Bf5 Bc6 38. Bd4 Rh1 39. Bg1 Nxb6
40. Rb1 Kc7 41. Ne4 R1h3+ 42. Kd4 Rd8+ 43. Ke5 Re8+ 44. Kd4 Bxe4 45. Bxe4 Rd8+
46. Ke5 Nxc4+ 47. Kf6 Rd6+ 48. Kxg5 Nd2 49. Rc1+ Kd8 50. Bf5 Nf3+ 51. Kxf4 Nxg1
52. Rxg1 Ke7 53. Ra1 Rc3 54. Ra7+ Kf8 55. g5 Rc5 56. Ra8+ Kg7 57. Ra7+ Kf8 58.
Ra8+ Ke7 59. Ra7+ Ke8 60. Be4 Rd7 61. Rxd7 1/2-1/2

[Event "Monarch Assurance Isle of Man 16th"]
[Site "Port Erin"]
[Date "2007.09.28"]
[Round "7.18"]
[White "Haslinger, Stewart"]
[Black "Ashton, Adam"]
[Result "1/2-1/2"]
[WhiteElo "2468"]
[BlackElo "2295"]
[PlyCount "181"]
[EventDate "2007.09.22"]
[EventType "swiss"]
[EventRounds "9"]
[EventCountry "IOM"]

1. e4 e5 2. Nf3 Nc6 3. d4 exd4 4. Nxd4 Nf6 5. Nxc6 bxc6 6. e5 Qe7 7. Qe2 Nd5 8.
c4 Nb6 9. Nc3 a5 10. Bd2 Qe6 11. Qe4 g6 12. Bd3 Bg7 13. O-O O-O 14. Rae1 d5 15.
exd6 Qxd6 16. Bf4 Qb4 17. Qxc6 Bd7 18. Qxc7 Rfc8 19. Qd6 Qxd6 20. Bxd6 Nxc4 21.
Bxc4 Rxc4 22. Be5 Bxe5 23. Rxe5 Rb8 24. Re2 a4 25. Rd2 Be8 26. a3 Kf8 27. Re1
Rc7 28. f3 Rcb7 29. Ree2 Rb3 30. Nd5 Bb5 31. Re1 Bc4 32. Nb4 Be6 33. Kf2 Rc8
34. Re4 Rc1 35. Nd3 Rb1 36. g4 h5 37. Rxa4 hxg4 38. fxg4 Rh1 39. Ke3 Rg1 40.
Kf2 Rxg4 41. Rxg4 Bxg4 42. a4 Ke7 43. Ne5 Be6 44. Nc6+ Kf6 45. a5 Bc4 46. Nd4
Rb4 47. Ke3 Bd5 48. Ne2 Ke5 49. Nc3 Bc6 50. Kd3 Rd4+ 51. Kc2 Rxd2+ 52. Kxd2 Kd4
53. Ne2+ Kc4 54. Ke3 Bb7 55. Nf4 g5 56. Nh3 f6 57. Nf2 Kd5 58. Ne4 Ke5 59. Nc5
Bc6 60. Nd3+ Kd6 61. Kd4 f5 62. Ne5 Bd5 63. b4 f4 64. b5 f3 65. Ng4 Be6 66. Nf6
g4 67. Ne4+ Kc7 68. Ke3 Bc8 69. Nf6 Kd6 70. a6 Kc7 71. Nd5+ Kb8 72. Ne7 Bd7 73.
b6 Bb5 74. a7+ Kb7 75. Ng6 Bd7 76. Ne5 Be6 77. Nd3 Bd5 78. Nb4 Bc4 79. Kf2 Ka8
80. Kg3 Kb7 81. Nc6 Bd5 82. Ne5 Be6 83. Kf2 Ka8 84. Ng6 Bd5 85. Ne7 Be6 86. Nc6
Bd5 87. Ne7 Be6 88. Ke3 Kb7 89. Nc6 Bd5 90. Nd4 Kxb6 91. Nf5 1/2-1/2

[Event "Monarch Assurance Isle of Man 16th"]
[Site "Port Erin"]
[Date "2007.09.28"]
[Round "7.20"]
[White "Paehtz, Elisabeth"]
[Black "Weisbuch, Udi"]
[Result "1-0"]
[WhiteElo "2457"]
[BlackElo "2284"]
[PlyCount "105"]
[EventDate "2007.09.22"]
[EventType "swiss"]
[EventRounds "9"]
[EventCountry "IOM"]

1. e4 e6 2. d4 d5 3. Nc3 Nf6 4. Bg5 Be7 5. e5 Nfd7 6. h4 c5 7. Bxe7 Qxe7 8. Nb5
O-O 9. Nc7 cxd4 10. Qd2 f6 11. Nxa8 fxe5 12. O-O-O Nf6 13. f3 Nc6 14. Bb5 Qd6
15. Bxc6 bxc6 16. Qa5 Rf7 17. Nh3 c5 18. Rhe1 e4 19. Ng5 Re7 20. fxe4 dxe4 21.
Nxe4 Nxe4 22. Rxe4 Bb7 23. Re5 Bd5 24. Rde1 h6 25. g4 Rf7 26. g5 Kh7 27. b3 Rd7
28. Qd2 Qf8 29. g6+ Kg8 30. h5 Qxa8 31. Qa5 Qf8 32. Qa6 Qf4+ 33. Kb1 Rd8 34.
Rxe6 Bxe6 35. Qxe6+ Kh8 36. Qe8+ Qf8 37. Qxf8+ Rxf8 38. Re7 Kg8 39. Rxa7 Rf1+
40. Kb2 Kf8 41. Ra8+ Ke7 42. Rg8 Rf2 43. Rxg7+ Ke6 44. Rf7 Rh2 45. Rf8 Rg2 46.
Kc1 Ke7 47. Rh8 Kf6 48. Rxh6 d3 49. g7+ Kf7 50. Rg6 Rxc2+ 51. Kd1 Kg8 52. h6
Rh2 53. a4 1-0

[Event "Monarch Assurance Isle of Man 16th"]
[Site "Port Erin"]
[Date "2007.09.28"]
[Round "7.21"]
[White "Casper, Thomas"]
[Black "Bannink, Bernard"]
[Result "1-0"]
[WhiteElo "2421"]
[BlackElo "2271"]
[PlyCount "109"]
[EventDate "2007.09.22"]
[EventType "swiss"]
[EventRounds "9"]
[EventCountry "IOM"]

1. e4 c5 2. Nf3 e6 3. d3 Nc6 4. c3 d5 5. Nbd2 Bd6 6. Be2 Nge7 7. O-O O-O 8. Re1
b6 9. h3 Bb7 10. Bf1 Ng6 11. a3 Rc8 12. b4 cxb4 13. cxb4 Nce5 14. Bb2 Nxf3+ 15.
Nxf3 Bb8 16. Qe2 Qe7 17. g3 Rfd8 18. Rac1 a6 19. Bg2 dxe4 20. dxe4 b5 21. h4
Ba7 22. Ba1 Nf8 23. Rxc8 Rxc8 24. Nd4 Nd7 25. Nb3 Bb6 26. Rd1 Ba8 27. Bd4 Bxd4
28. Rxd4 h6 29. Qd1 Ne5 30. Na5 Qc7 31. Kh2 Qb6 32. Qd2 Ng4+ 33. Kg1 e5 34. Rd7
Nf6 35. Rd6 Qc7 36. f3 Bb7 37. Kh2 Re8 38. Nb3 Bc8 39. Nc5 a5 40. Bf1 axb4 41.
axb4 Be6 42. Bxb5 Ra8 43. Nxe6 fxe6 44. Bf1 Ra1 45. Bg2 Qa7 46. Rc6 Qg1+ 47.
Kh3 Rd1 48. Qe2 Kh7 49. Rc2 h5 50. Qc4 Qe3 51. Qxe6 Rg1 52. Qf5+ Kg8 53. Rc8+
Kf7 54. Rc7+ Kg8 55. Qg6 1-0

[Event "Monarch Assurance Isle of Man 16th"]
[Site "Port Erin"]
[Date "2007.09.28"]
[Round "7.22"]
[White "Palliser, Richard"]
[Black "Allen, Keith"]
[Result "1-0"]
[WhiteElo "2417"]
[BlackElo "2222"]
[PlyCount "63"]
[EventDate "2007.09.22"]
[EventType "swiss"]
[EventRounds "9"]
[EventCountry "IOM"]

1. d4 f5 2. g3 Nf6 3. Bg2 e6 4. c4 c6 5. Nf3 d5 6. O-O Bd6 7. Qc2 O-O 8. Ne5
Bd7 9. Nd2 Ne4 10. Nxe4 fxe4 11. Bf4 Be8 12. f3 exf3 13. Bxf3 Bxe5 14. Bxe5 Bg6
15. Qb3 Qb6 16. Bg4 Re8 17. cxd5 Qxb3 18. axb3 cxd5 19. Bxb8 Raxb8 20. Rxa7 Re7
21. Rc1 Kf8 22. Rc5 Ke8 23. b4 Kd8 24. b5 Rc8 25. b6 Rxc5 26. dxc5 Be8 27. e3
Bb5 28. b4 h6 29. h4 Kc8 30. Ra5 Be8 31. Ra8+ Kd7 32. Bd1 1-0

[Event "Monarch Assurance Isle of Man 16th"]
[Site "Port Erin"]
[Date "2007.09.28"]
[Round "7.24"]
[White "Klinova, Masha"]
[Black "Collins, Sam IRL"]
[Result "1-0"]
[WhiteElo "2326"]
[BlackElo "2405"]
[PlyCount "85"]
[EventDate "2007.09.22"]
[EventType "swiss"]
[EventRounds "9"]
[EventCountry "IOM"]

1. e4 c5 2. Nf3 d6 3. Bb5+ Nd7 4. O-O Ngf6 5. Re1 a6 6. Bf1 b6 7. c4 Bb7 8. Nc3
e6 9. d4 cxd4 10. Nxd4 Be7 11. f4 Qc7 12. f5 e5 13. Nc2 Nc5 14. Qf3 O-O 15. b4
Ncd7 16. Bd2 Bc6 17. Ne3 Qb7 18. Bd3 b5 19. Ncd5 Bd8 20. g4 bxc4 21. Bxc4 Nb6
22. Bb3 Bxd5 23. Nxd5 Nbxd5 24. exd5 Qb6+ 25. Kg2 Qd4 26. Rad1 Qxg4+ 27. Qxg4
Nxg4 28. Rc1 Ra7 29. Rc6 Be7 30. a4 g6 31. h3 Nf6 32. fxg6 hxg6 33. Bc4 Rfa8
34. Be3 Rb7 35. Bd2 a5 36. b5 Nd7 37. Be3 Kg7 38. Rb1 f5 39. b6 Kf6 40. Rc7
Rxc7 41. bxc7 Rc8 42. Rb7 Nc5 43. Ra7 {(both scores are ambiguous in different
places, but this looks the likeliest score)} 1-0

[Event "Monarch Assurance Isle of Man 16th"]
[Site "Port Erin"]
[Date "2007.09.28"]
[Round "7.25"]
[White "Mueller, Matthias"]
[Black "Wright, William"]
[Result "1-0"]
[WhiteElo "2405"]
[BlackElo "2186"]
[PlyCount "133"]
[EventDate "2007.09.22"]
[EventType "swiss"]
[EventRounds "9"]
[EventCountry "IOM"]

1. e4 e6 2. d4 d5 3. Nc3 Bb4 4. e5 Ne7 5. a3 Bxc3+ 6. bxc3 c5 7. Nf3 Qa5 8. Bd2
Nbc6 9. a4 Bd7 10. Be2 c4 11. O-O f6 12. exf6 gxf6 13. Re1 O-O-O 14. Bf1 h5 15.
Nh4 e5 16. g3 Qc7 17. Bg2 Bg4 18. f3 Be6 19. dxe5 fxe5 20. Bg5 Rdg8 21. Qd2 Ng6
22. Re2 Nxh4 23. Bxh4 Rg6 24. f4 exf4 25. Rxe6 Rxe6 26. Bh3 Qd7 27. Qxf4 Rhe8
28. Rf1 d4 29. Bg5 dxc3 30. Bf6 Qd5 31. Bxc3 Kd8 32. Bxe6 Rxe6 33. Qf5 Qxf5 34.
Rxf5 Re2 35. Rf2 Re4 36. Rf5 Re2 37. Rf2 Re4 38. Rd2+ Ke7 39. Kf2 Ke6 40. h3 b6
41. Rd1 Ne5 42. Rd8 Kf5 43. Rd5 Ke6 44. Rxe5+ Rxe5 45. Bxe5 Kxe5 46. Ke3 a6 47.
g4 h4 48. c3 b5 49. axb5 axb5 50. Kd2 Kd6 51. Kc2 Kd5 52. Kb2 Kd6 53. Ka3 Kc5
54. g5 Kd6 55. Kb4 Ke6 56. Kxb5 Kf5 57. Kxc4 Kxg5 58. Kd3 Kf4 59. c4 Kg3 60. c5
Kxh3 61. c6 Kg2 62. c7 h3 63. c8=Q h2 64. Qg4+ Kh1 65. Qe2 Kg1 66. Ke3 h1=Q 67.
Qf2# 1-0

[Event "Monarch Assurance Isle of Man 16th"]
[Site "Port Erin"]
[Date "2007.09.28"]
[Round "7.26"]
[White "Majer, Chris E"]
[Black "Kolbus, Dietmar"]
[Result "0-1"]
[WhiteElo "2041"]
[BlackElo "2384"]
[PlyCount "102"]
[EventDate "2007.09.22"]
[EventType "swiss"]
[EventRounds "9"]
[EventCountry "IOM"]

1. e4 e6 2. d4 d5 3. e5 c5 4. c3 Qb6 5. Nf3 Bd7 6. Bd3 Bb5 7. c4 Bxc4 8. Bxc4
dxc4 9. dxc5 Bxc5 10. O-O Nc6 11. Nc3 Rd8 12. Qe2 Nge7 13. Qxc4 Qb4 14. Qe2 Nd4
15. Nxd4 Bxd4 16. Nb5 O-O 17. Nxd4 Rxd4 18. Be3 Re4 19. Bc5 Rxe2 20. Bxb4 Re8
21. Rfd1 Nd5 22. Bc3 Nxc3 23. bxc3 Rxe5 24. Rd7 Rb5 25. Rad1 a6 26. g3 h5 27.
Rc7 b6 28. Rdd7 Rf5 29. Rb7 b5 30. Ra7 Rc8 31. Rxa6 Rxc3 32. Rd2 g5 33. Rb2 Kg7
34. a4 bxa4 35. Rxa4 Rfc5 36. h4 g4 37. Rf4 Rc1+ 38. Kg2 Kg6 39. Rb7 f6 40. Rb6
Re5 41. Rb2 Ree1 42. f3 Rg1+ 43. Kh2 Rh1+ 44. Kg2 Rcg1+ 45. Kf2 Rf1+ 46. Ke2 e5
47. Rfb4 Rxf3 48. R2b3 Rhf1 49. Rb8 R1f2+ 50. Ke1 Rxb3 51. Rxb3 Rf3 0-1